00545nam a2200181 a 45000010010000000030011000100080041000210350026000620820015000881000023001032450034001262600054001606500011002149420012002259520091002379980020003289990015003480000-8562ELIB.Books110520 2006  a(ELIB.Books)0000-8708 aM.Div bSu aSu Mar Thaung, Naw aThe Victory of Jews in Esther bInsein: Karen Baptist Theological Seminary c2006 aThesis 2ddccBK 00102ddc4070aKBTSbKBTSd2011-05-20l0p30378r2022-01-22 00:00:00w2022-01-22yBK cbate2011-05-20 c8562d8562